[Event "Faroes Open 2018"]
[Site "Sandavagur"]
[Date "2018.07.12"]
[Round "7"]
[White "Kristiansen, Jens"]
[Black "Haubro, Martin"]
[Result "0-1"]
[WhiteElo "2380"]
[BlackElo "2373"]
[Annotator "NA"]
[PlyCount "74"]
[EventDate "2018.07.07"]
[EventType "swiss"]
[EventCountry "FAI"]
[SourceTitle "playchess.com"]
[Source "ChessBase"]
[SourceQuality "1"]
[TimeControl "40/5400+30:900+30"]

1. d4 {[%emt 0:00:00]} Nf6 {[%emt 0:02:21]} 2. c4 {[%emt 0:00:00]} c5 {[%emt 0:00:04]} 3. d5 {[%emt 0:00:06]} b5 {[%emt 0:00:03]} 4. cxb5 {[%emt 0:00:25]} a6 {[%emt 0:00:05]} 5. e3 {[%emt 0:01:55]} g6 {[%emt 0:01:19]} 6. Nc3 {[%emt 0:00:21]} Bg7 {[%emt 0:00:09]} 7. Nf3 {[%emt 0:01:22]} O-O {[%emt 0:00:14]} 8. a4 {[%emt 0:04:40]} Bb7 {[%emt 0:00:42]} 9. e4 {[%emt 0:03:17] LiveBook: 32 Games} e6 {[%emt 0:03:26]} 10. dxe6 {[%emt 0:05:37]} fxe6 {[%emt 0:00:20]} 11. Bg5 {[%emt 0:09:12]} Qa5 {[%emt 0:06:22]} 12. Bd2 {[%emt 0:06:46]} Qc7 {[%emt 0:00:50]} 13. Bd3 {[%emt 0:02:37]} d5 {[%emt 0:01:25]} 14. Ng5 $14 {[%emt 0:18:03]} Re8 {[%emt 0:05:56]} 15. b3 {[%emt 0:03:50]} h6 {[%emt 0:04:01]} 16. Nh3 {[%emt 0:00:13]} d4 {[%emt 0:01:31]} 17. Ne2 {[%emt 0:01:02]} Bxe4 {[%emt 0:03:51]} 18. Bxe4 {[%emt 0:02:04]} Nxe4 {[%emt 0:00:05]} 19. Rc1 {[%emt 0:00:37]} axb5 {[%emt 0:01:50]} 20. axb5 {[%emt 0:00:19]} Qd7 {[%emt 0:19:45]} 21. Ng3 {[%emt 0:06:04]} Nxd2 {[%emt 0:00:54]} 22. Qxd2 {[%emt 0:00:08]} Qxb5 {[%emt 0:00:13]} 23. Ne4 {[%emt 0:00:34]} Qxb3 {[%emt 0:17:01]} 24. Nxc5 {[%emt 0:00:22]} Qb5 {[%emt 0:00:06]} 25. Nf4 {[%emt 0:05:11]} Na6 {[%emt 0:02:46]} 26. Nxa6 {[%emt 0:10:51]} Rxa6 {[%emt 0:00:15]} 27. Qd3 {[%emt 0:06:23]} Qa5+ {[%emt 0:04:33]} 28. Kf1 {[%emt 0:01:10]} e5 {[%emt 0:03:48]} 29. Nxg6 {[%emt 0:01:57]} e4 {[%emt 0:00:05]} 30. Qc4+ {[%emt 0:00:13]} Kh7 {[%emt 0:00:04]} 31. Nf4 {[%emt 0:00:49]} Qd2 {[%emt 0:00:16]} 32. Re1 {[%emt 0:02:50]} Ra2 {[%emt 0:10:20]} 33. Qe2 {[%emt 0:00:40]} e3 {[%emt 0:01:48]} 34. fxe3 {[%emt 0:01:36]} dxe3 {[%emt 0:02:51]} 35. g3 {[%emt 0:02:34]} Re4 {[%emt 0:00:57]} 36. h4 {[%emt 0:01:55]} Bc3 {[%emt 0:00:46]} 37. Rd1 {[%emt 0:01:31]} Rxf4+ {[%emt 0:00:08]} 0-1

[Event "Faroes Open 2018"]
[Site "Sandavagur"]
[Date "2018.07.12"]
[Round "7"]
[White "Simonsen, Hans Kristian"]
[Black "Jotic, Vladimir"]
[Result "1/2-1/2"]
[WhiteElo "2150"]
[BlackElo "2387"]
[Annotator "NA"]
[PlyCount "114"]
[EventDate "2018.07.07"]
[EventType "swiss"]
[EventCountry "FAI"]
[SourceTitle "playchess.com"]
[Source "ChessBase"]
[SourceQuality "1"]
[TimeControl "40/5400+30:900+30"]

1. e4 {[%emt 0:00:00]} c5 {[%emt 0:00:00]} 2. Nf3 {[%emt 0:00:00]} Nc6 {[%emt 0:00:00]} 3. Bb5 {[%emt 0:00:00]} e6 {[%emt 0:00:02]} 4. Bxc6 {[%emt 0:00:35]} bxc6 {[%emt 0:00:02]} 5. O-O {[%emt 0:00:13]} Ne7 {[%emt 0:06:28]} 6. Re1 {[%emt 0:07:59] LiveBook: 34 Games} Ng6 {[%emt 0:00:28]} 7. d4 {[%emt 0:06:42]} d5 {[%emt 0:09:03]} 8. exd5 {[%emt 0:02:34]} cxd5 {[%emt 0:00:13]} 9. Nc3 {[%emt 0:00:07]} Bb7 {[%emt 0:13:19]} 10. Bg5 {[%emt 0:07:24]} Be7 {[%emt 0:04:03]} 11. Bxe7 {[%emt 0:04:05]} Qxe7 {[%emt 0:00:14]} 12. Qd2 {[%emt 0:08:39]} O-O {[%emt 0:01:58]} 13. Rad1 {[%emt 0:12:25]} Rfc8 {[%emt 0:03:56]} 14. Qe3 $15 {[%emt 0:01:06]} Rab8 {[%emt 0:09:01]} 15. h4 {[%emt 0:07:51]} Nxh4 {[%emt 0:09:39]} 16. Nxh4 {[%emt 0:00:08]} Qxh4 {[%emt 0:00:01]} 17. dxc5 {[%emt 0:00:16]} Qb4 {[%emt 0:02:00]} 18. Qe5 {[%emt 0:02:25]} Qxc5 {[%emt 0:05:55]} 19. Re3 {[%emt 0:03:27]} Ba8 {[%emt 0:05:49]} 20. Rd4 {[%emt 0:03:54]} Rb4 {[%emt 0:04:17]} 21. Ne2 {[%emt 0:00:59]} Rxb2 {[%emt 0:07:13]} 22. Rg3 {[%emt 0:03:43]} Rb1+ {[%emt 0:01:07]} 23. Kh2 {[%emt 0:00:11]} Qf8 {[%emt 0:01:49]} 24. Nf4 {[%emt 0:02:54]} g6 {[%emt 0:01:44]} 25. Nh5 {[%emt 0:01:18]} f6 26. Nxf6+ {[%emt 0:01:07]} Kf7 {[%emt 0:01:00]} 27. Nxh7 {[%emt 0:02:28]} Qh8 {[%emt 0:00:52]} 28. Qf4+ {[%emt 0:00:47]} Ke7 {[%emt 0:01:11]} 29. Rh3 {[%emt 0:01:23]} e5 {[%emt 0:03:57]} 30. Qg5+ {[%emt 0:00:13]} Kd6 {[%emt 0:00:07]} 31. Qxg6+ {[%emt 0:00:29]} Kc7 {[%emt 0:00:14]} 32. Rc3+ {[%emt 0:02:55]} Kb7 {[%emt 0:00:18]} 33. Qf7+ {[%emt 0:00:11]} Kb8 {[%emt 0:00:34]} 34. Rdd3 {[%emt 0:00:18]} Rb7 {[%emt 0:01:22]} 35. Rxc8+ {[%emt 0:01:23]} Qxc8 {[%emt 0:02:33]} 36. Qh5 {[%emt 0:02:47]} Qxc2 {[%emt 0:02:15]} 37. Qe8+ {[%emt 0:00:57]} Qc8 {[%emt 0:00:38]} 38. Qxe5+ {[%emt 0:00:23]} Qc7 {[%emt 0:00:13]} 39. Qxc7+ {[%emt 0:00:09]} Rxc7 {[%emt 0:00:11]} 40. Ng5 {[%emt 0:00:46]} Rc2 {[%emt 0:00:19]} 41. f4 {[%emt 0:15:15]} Rxa2 {[%emt 0:16:54]} 42. Kh3 {[%emt 0:02:04]} Kc7 {[%emt 0:00:00]} 43. g4 {[%emt 0:00:00]} Kd6 {[%emt 0:00:00]} 44. Nf3 {[%emt 0:00:00]} Bc6 {[%emt 0:00:00]} 45. f5 {[%emt 0:00:00]} Bd7 {[%emt 0:00:00]} 46. Kh4 {[%emt 0:00:00]} a5 {[%emt 0:00:00]} 47. Rd4 {[%emt 0:00:00]} Ra4 {[%emt 0:01:01]} 48. Rxa4 {[%emt 0:00:00]} Bxa4 {[%emt 0:00:00]} 49. g5 {[%emt 0:00:00]} Bd7 {[%emt 0:01:26]} 50. Nd4 {[%emt 0:00:00]} Ke5 {[%emt 0:00:13]} 51. f6 {[%emt 0:00:00]} Be8 {[%emt 0:00:04]} 52. Nc6+ {[%emt 0:00:00]} Kf4 {[%emt 0:02:12]} 53. Nxa5 {[%emt 0:00:00]} d4 {[%emt 0:00:15]} 54. Nc4 {[%emt 0:00:00]} d3 {[%emt 0:00:06]} 55. Nb2 {[%emt 0:00:00]} d2 {[%emt 0:00:51]} 56. Nd1 {[%emt 0:00:00]} Kf3 {[%emt 0:01:44]} 57. Nc3 {[%emt 0:00:00]} Bg6 1/2-1/2

[Event "Faroes Open 2018"]
[Site "Sandavagur"]
[Date "2018.07.12"]
[Round "7"]
[White "Nielsen, Torkil"]
[Black "Nilssen, John Arni"]
[Result "1/2-1/2"]
[WhiteElo "2115"]
[BlackElo "2301"]
[Annotator "NA"]
[PlyCount "88"]
[EventDate "2018.07.07"]
[EventType "swiss"]
[EventCountry "FAI"]
[SourceTitle "playchess.com"]
[Source "ChessBase"]
[SourceQuality "1"]
[TimeControl "40/5400+30:900+30"]

1. e4 {[%emt 0:00:00]} c5 {[%emt 0:00:03]} 2. c3 {[%emt 0:00:00]} d5 {[%emt 0:00:07]} 3. exd5 {[%emt 0:00:08]} Qxd5 {[%emt 0:00:06]} 4. d4 {[%emt 0:00:10]} g6 {[%emt 0:00:12]} 5. Be3 {[%emt 0:04:05]} Bg7 {[%emt 0:01:56]} 6. Nf3 {[%emt 0:00:53]} cxd4 {[%emt 0:02:16]} 7. cxd4 {[%emt 0:00:27]} Nc6 {[%emt 0:02:58]} 8. Nbd2 {[%emt 0:12:23]} (8. Nc3 $14 Qa5 9. d5) 8... Qa5 {[%emt 0:13:41]} 9. Qb3 {[%emt 0:11:49]} Nf6 {[%emt 0:04:56]} 10. Bb5 {[%emt 0:04:22]} O-O {[%emt 0:01:20]} 11. Bxc6 {[%emt 0:02:19]} bxc6 {[%emt 0:00:07]} 12. O-O {[%emt 0:00:13]} Be6 {[%emt 0:04:57]} 13. Qc2 {[%emt 0:02:29]} Rfc8 $11 {[%emt 0:03:54]} 14. Ne5 {[%emt 0:08:24]} Nd5 {[%emt 0:05:02]} 15. Ndc4 {[%emt 0:02:02]} Qa6 {[%emt 0:10:02]} 16. b3 {[%emt 0:10:30]} c5 {[%emt 0:01:44]} 17. Qe4 {[%emt 0:09:41]} Rd8 {[%emt 0:11:22]} 18. dxc5 {[%emt 0:08:47]} f6 {[%emt 0:14:49]} 19. Nf3 {[%emt 0:10:09]} f5 {[%emt 0:08:53]} 20. Qh4 {[%emt 0:00:17]} Nxe3 {[%emt 0:02:32]} 21. Nxe3 {[%emt 0:03:35]} Bxa1 {[%emt 0:00:25]} 22. Rxa1 {[%emt 0:00:39]} Bd5 {[%emt 0:03:10]} 23. Qxe7 {[%emt 0:02:32]} Bxf3 {[%emt 0:01:51]} 24. gxf3 {[%emt 0:00:30]} Qc6 {[%emt 0:01:43]} 25. Kg2 {[%emt 0:00:18]} Re8 {[%emt 0:02:48]} 26. Qd6 {[%emt 0:00:17]} Re6 {[%emt 0:00:22]} 27. Qxc6 {[%emt 0:00:45]} Rxc6 {[%emt 0:00:05]} 28. Rc1 {[%emt 0:00:12]} Kf8 {[%emt 0:01:04]} 29. b4 {[%emt 0:02:30]} Rb8 {[%emt 0:01:18]} 30. a3 {[%emt 0:01:09]} Rd8 {[%emt 0:00:38]} 31. b5 {[%emt 0:01:00]} Rc7 {[%emt 0:00:08]} 32. c6 {[%emt 0:00:30]} Rd4 {[%emt 0:00:28]} 33. Rc4 {[%emt 0:01:20]} Rxc4 {[%emt 0:00:43]} 34. Nxc4 {[%emt 0:00:00]} Ke7 {[%emt 0:00:44]} 35. a4 {[%emt 0:00:24]} Kd8 {[%emt 0:00:29]} 36. Kg3 {[%emt 0:01:39]} Re7 {[%emt 0:00:03]} 37. Kf4 Kc7 {[%emt 0:00:27]} 38. Ne3 {[%emt 0:01:27]} Kd6 {[%emt 0:00:16]} 39. h4 {[%emt 0:00:39]} Kc5 {[%emt 0:01:05]} 40. Kg5 {[%emt 0:00:52]} a6 {[%emt 0:00:41]} 41. h5 {[%emt 0:05:13]} axb5 {[%emt 0:03:09]} 42. axb5 {[%emt 0:00:14]} f4 43. Kxf4 gxh5 {[%emt 0:04:08]} 44. Nf5 {[%emt 0:04:32]} Rc7 {[%emt 0:00:38]} 1/2-1/2

[Event "Faroes Open 2018"]
[Site "Sandavagur"]
[Date "2018.07.12"]
[Round "7"]
[White "Spiesberger, Gerhard"]
[Black "Rodgaard, John"]
[Result "1/2-1/2"]
[WhiteElo "2058"]
[BlackElo "2319"]
[Annotator "NA"]
[PlyCount "70"]
[EventDate "2018.07.07"]
[EventType "swiss"]
[EventCountry "FAI"]
[SourceTitle "playchess.com"]
[Source "ChessBase"]
[SourceQuality "1"]
[TimeControl "40/5400+30:900+30"]

1. e4 {[%emt 0:00:00]} c5 {[%emt 0:00:10]} 2. Nc3 {[%emt 0:01:36]} Nc6 {[%emt 0:01:45]} 3. g3 {[%emt 0:00:22]} g6 {[%emt 0:01:14]} 4. Bg2 {[%emt 0:00:31]} Bg7 {[%emt 0:00:22]} 5. d3 {[%emt 0:00:38]} d6 {[%emt 0:00:51]} 6. Be3 {[%emt 0:00:32]} e6 {[%emt 0:02:13]} 7. Qd2 {[%emt 0:00:39]} Rb8 {[%emt 0:00:52]} 8. Nd1 {[%emt 0:04:39]} b5 {[%emt 0:07:24] LiveBook: 8 Games} 9. c3 {[%emt 0:03:08]} b4 {[%emt 0:03:41]} 10. Ne2 {[%emt 0:03:55]} bxc3 {[%emt 0:01:23]} 11. bxc3 {[%emt 0:00:35]} Ba6 {[%emt 0:05:17]} 12. f4 {[%emt 0:01:33]} Nge7 {[%emt 0:03:02]} 13. O-O {[%emt 0:00:39]} Qd7 {[%emt 0:04:05]} 14. Nf2 $11 {[%emt 0:10:40]} O-O {[%emt 0:02:23]} 15. f5 {[%emt 0:03:18]} exf5 {[%emt 0:14:33]} 16. Bh6 {[%emt 0:01:53]} fxe4 {[%emt 0:06:14]} 17. Bh3 {[%emt 0:09:42]} f5 {[%emt 0:00:52]} 18. Bxg7 {[%emt 0:01:16]} Kxg7 {[%emt 0:00:08]} 19. Nxe4 {[%emt 0:04:56]} Nd5 {[%emt 0:14:15]} 20. Nf4 {[%emt 0:03:24]} Nxf4 {[%emt 0:01:44]} 21. gxf4 {[%emt 0:03:18]} Rfe8 {[%emt 0:01:24]} 22. Rfe1 {[%emt 0:04:00]} Re7 {[%emt 0:03:02]} 23. d4 {[%emt 0:09:02]} cxd4 {[%emt 0:02:59]} 24. cxd4 {[%emt 0:00:37]} Rbe8 {[%emt 0:02:18]} 25. d5 {[%emt 0:08:00]} Rxe4 {[%emt 0:01:25]} 26. dxc6 {[%emt 0:04:28]} Qxc6 {[%emt 0:01:43]} 27. Bg2 {[%emt 0:00:56]} Qc5+ {[%emt 0:01:52]} 28. Kh1 {[%emt 0:03:32]} Re2 {[%emt 0:00:27]} 29. Rxe2 {[%emt 0:00:38]} Rxe2 {[%emt 0:00:05]} 30. Qc1 {[%emt 0:01:14]} Qf2 {[%emt 0:05:44]} 31. Qc3+ {[%emt 0:03:48]} Kh6 {[%emt 0:06:54]} 32. Qh3+ {[%emt 0:00:14]} Kg7 {[%emt 0:00:07]} 33. Qc3+ {[%emt 0:00:07]} Kh6 {[%emt 0:04:58]} 34. Qh3+ {[%emt 0:00:11]} Kg7 {[%emt 0:00:08]} 35. Qc3+ {[%emt 0:00:08]} Kh6 {[%emt 0:01:07]} 1/2-1/2

[Event "Faroes Open 2018"]
[Site "Sandavagur"]
[Date "2018.07.12"]
[Round "7"]
[White "Hruby, Milan"]
[Black "Maroroa, Sue"]
[Result "1-0"]
[WhiteElo "2031"]
[BlackElo "2104"]
[Annotator "NA"]
[PlyCount "75"]
[EventDate "2018.07.07"]
[EventType "swiss"]
[EventCountry "FAI"]
[SourceTitle "playchess.com"]
[Source "ChessBase"]
[SourceQuality "1"]
[TimeControl "40/5400+30:900+30"]

1. d4 {[%emt 0:00:00]} Nf6 {[%emt 0:00:00]} 2. c4 {[%emt 0:00:00]} g6 {[%emt 0:00:00]} 3. Nc3 {[%emt 0:00:00]} Bg7 {[%emt 0:00:00]} 4. e4 {[%emt 0:00:00]} d6 {[%emt 0:00:00]} 5. f3 {[%emt 0:00:00]} O-O {[%emt 0:01:09]} 6. Be3 {[%emt 0:00:05]} c5 {[%emt 0:00:30]} 7. Nge2 {[%emt 0:00:07]} Nc6 {[%emt 0:00:12]} 8. d5 {[%emt 0:00:17]} Ne5 {[%emt 0:00:08]} 9. Ng3 {[%emt 0:00:06]} h5 {[%emt 0:00:11]} 10. Be2 {[%emt 0:00:21]} h4 {[%emt 0:00:11]} 11. Nf1 {[%emt 0:00:07]} e6 {[%emt 0:00:30]} 12. Nd2 {[%emt 0:05:36]} a6 {[%emt 0:06:17]} ({Better is} 12... exd5 $14 13. cxd5 h3) 13. a4 {[%emt 0:00:36]} exd5 {[%emt 0:01:41]} 14. cxd5 {[%emt 0:00:47]} h3 {[%emt 0:03:17]} 15. g3 {[%emt 0:01:08]} Bd7 {[%emt 0:01:26]} 16. O-O {[%emt 0:00:28]} Qc7 {[%emt 0:05:22]} (16... b5 $11 {keeps the balance.}) 17. Kh1 {[%emt 0:11:27]} (17. g4 $16) 17... b5 {[%emt 0:02:10]} 18. g4 $14 {[%emt 0:18:44]} b4 {[%emt 0:23:43]} 19. Ncb1 {[%emt 0:07:54]} Qb7 {[%emt 0:05:31]} 20. g5 {[%emt 0:08:46]} Nh5 {[%emt 0:03:08]} 21. f4 {[%emt 0:03:28]} Nxf4 {[%emt 0:00:20]} 22. Bxf4 {[%emt 0:01:50]} f5 {[%emt 0:00:49]} 23. gxf6 {[%emt 0:07:13]} Rxf6 {[%emt 0:00:40]} 24. Bxe5 {[%emt 0:04:59]} Rxf1+ {[%emt 0:00:26]} 25. Qxf1 {[%emt 0:02:21]} Bxe5 {[%emt 0:01:25]} 26. Nc4 {[%emt 0:01:21]} Rf8 {[%emt 0:00:14]} 27. Qg1 {[%emt 0:00:30]} Bg7 {[%emt 0:01:54]} 28. Nbd2 {[%emt 0:01:35]} Qb8 {[%emt 0:01:00]} 29. Qxg6 {[%emt 0:01:31]} Rf6 {[%emt 0:00:22]} 30. Qg3 {[%emt 0:00:27]} Qf8 {[%emt 0:01:08]} 31. Rg1 {[%emt 0:04:59]} Bxa4 {[%emt 0:02:39]} 32. Bg4 {[%emt 0:03:12]} Bc2 {[%emt 0:03:09]} 33. Be6+ {[%emt 0:02:10]} Kh8 {[%emt 0:00:28]} 34. Nxd6 {[%emt 0:03:29]} Bh6 {[%emt 0:02:39]} 35. Qh4 {[%emt 0:06:45]} Rf4 {[%emt 0:01:39]} 36. Qxh3 {[%emt 0:02:44]} Qf6 {[%emt 0:05:19]} 37. Nf5 {[%emt 0:01:02]} Rxf5 {[%emt 0:01:23]} 38. Bxf5 {[%emt 0:00:36]} 1-0

[Event "Faroes Open 2018"]
[Site "Sandavagur"]
[Date "2018.07.12"]
[Round "7"]
[White "Esteve Sanchez, Sergio"]
[Black "Haubro, Siv"]
[Result "1-0"]
[WhiteElo "1994"]
[BlackElo "1780"]
[Annotator "NA"]
[PlyCount "105"]
[EventDate "2018.07.07"]
[EventType "swiss"]
[EventCountry "FAI"]
[SourceTitle "playchess.com"]
[Source "ChessBase"]
[SourceQuality "1"]
[TimeControl "40/5400+30:900+30"]

1. b3 {[%emt 0:00:00]} d5 {[%emt 0:02:19]} 2. Bb2 {[%emt 0:00:00]} e6 {[%emt 0:01:19]} 3. e3 {[%emt 0:02:27]} Nd7 {[%emt 0:02:27]} 4. c4 {[%emt 0:03:37]} c6 {[%emt 0:00:18]} 5. Nf3 {[%emt 0:00:06]} f5 {[%emt 0:01:42]} 6. Be2 {[%emt 0:04:50]} Ngf6 {[%emt 0:00:17]} 7. O-O {[%emt 0:00:46]} Bd6 {[%emt 0:02:10]} 8. d4 {[%emt 0:05:51]} O-O {[%emt 0:00:15]} 9. Nbd2 {[%emt 0:01:49]} Ne4 {[%emt 0:01:37]} 10. Ne5 {[%emt 0:02:07]} Nxd2 {[%emt 0:03:50]} 11. Qxd2 {[%emt 0:00:16]} Be7 {[%emt 0:02:50]} 12. Rad1 {[%emt 0:04:43]} Qc7 $14 {[%emt 0:04:24]} 13. f3 {[%emt 0:09:53]} Bg5 {[%emt 0:11:03]} 14. Qc3 {[%emt 0:05:58]} Bf6 {[%emt 0:02:02]} 15. Bd3 Nxe5 {[%emt 0:11:10]} 16. dxe5 {[%emt 0:10:35]} Bg5 {[%emt 0:00:22]} 17. f4 {[%emt 0:02:41]} Be7 {[%emt 0:00:09]} 18. cxd5 {[%emt 0:01:03]} exd5 {[%emt 0:02:09]} 19. Rc1 {[%emt 0:07:01]} Be6 {[%emt 0:04:45]} 20. Qc2 {[%emt 0:05:01]} Rac8 21. g4 {[%emt 0:01:59]} g6 {[%emt 0:04:10]} 22. gxf5 Bxf5 23. Bxf5 {[%emt 0:06:44]} Rxf5 {[%emt 0:00:26]} 24. Rf2 {[%emt 0:00:42]} Qd7 {[%emt 0:00:30]} 25. Qd3 {[%emt 0:00:30]} Qe6 {[%emt 0:00:30]} 26. Kh1 {[%emt 0:00:30]} Rcf8 {[%emt 0:18:07]} 27. Rg2 {[%emt 0:08:38]} c5 28. Rd1 {[%emt 0:04:02]} Rd8 {[%emt 0:02:42]} 29. Qb5 {[%emt 0:00:30]} Rd7 30. Rgd2 {[%emt 0:01:55]} a6 {[%emt 0:11:36]} 31. Qe2 {[%emt 0:02:08]} Rh5 {[%emt 0:09:12]} 32. Qg2 {[%emt 0:02:03]} d4 {[%emt 0:00:30]} 33. exd4 {[%emt 0:00:30]} cxd4 {[%emt 0:00:30]} 34. Rxd4 {[%emt 0:00:30]} Rc7 {[%emt 0:00:30]} 35. Qd5 {[%emt 0:00:30]} Kf7 {[%emt 0:00:30]} 36. Kg2 {[%emt 0:00:30]} Rf5 {[%emt 0:00:30]} 37. Kg3 {[%emt 0:00:30]} Rh5 {[%emt 0:00:30]} 38. Qxe6+ {[%emt 0:00:30]} Kxe6 {[%emt 0:00:30]} 39. Rc1 {[%emt 0:00:30]} Rxc1 {[%emt 0:00:30]} 40. Bxc1 {[%emt 0:00:30]} Rf5 {[%emt 0:00:30]} 41. Rc4 {[%emt 0:15:30]} Kd7 {[%emt 0:15:30]} 42. Rd4+ {[%emt 0:00:30]} Ke6 {[%emt 0:00:30]} 43. Rc4 {[%emt 0:00:30]} Kd7 {[%emt 0:00:30]} 44. Be3 {[%emt 0:00:30]} b5 {[%emt 0:00:30]} 45. Rc2 {[%emt 0:00:30]} h5 {[%emt 0:00:30]} 46. Kf3 {[%emt 0:00:30]} Rf8 {[%emt 0:00:30]} 47. Ke4 {[%emt 0:00:30]} Bb4 {[%emt 0:00:30]} 48. h3 {[%emt 0:00:30]} Re8 {[%emt 0:00:30]} 49. Rg2 {[%emt 0:00:30]} Rg8 {[%emt 0:00:30]} 50. Kd5 {[%emt 0:00:30]} Ke7 {[%emt 0:00:30]} 51. Bc5+ {[%emt 0:00:30]} Bxc5 {[%emt 0:00:30]} 52. Kxc5 {[%emt 0:00:30]} Ke6 {[%emt 0:00:30]} 53. Rg5 {[%emt 0:00:30]} 1-0

[Event "Faroes Open 2018"]
[Site "Sandavagur"]
[Date "2018.07.12"]
[Round "7"]
[White "Fruehauf, Norbert"]
[Black "Gregersen, Einar"]
[Result "1-0"]
[WhiteElo "1963"]
[BlackElo "1665"]
[Annotator "NA"]
[PlyCount "159"]
[EventDate "2018.07.07"]
[EventType "swiss"]
[EventCountry "FAI"]
[SourceTitle "playchess.com"]
[Source "ChessBase"]
[SourceQuality "1"]
[TimeControl "40/5400+30:900+30"]

1. e4 {[%emt 0:00:00]} c5 {[%emt 0:00:00]} 2. Nc3 {[%emt 0:00:00]} a6 {[%emt 0:00:23]} 3. a4 {[%emt 0:02:10]} Nc6 {[%emt 0:00:57]} 4. g3 {[%emt 0:00:13]} g6 {[%emt 0:00:28]} 5. Bg2 {[%emt 0:00:10]} Bg7 {[%emt 0:00:08]} 6. d3 {[%emt 0:00:20]} Nf6 {[%emt 0:01:24]} 7. Be3 {[%emt 0:00:23]} d6 {[%emt 0:05:13]} 8. h3 {[%emt 0:00:36]} O-O {[%emt 0:01:57]} 9. Qd2 {[%emt 0:00:30]} Re8 {[%emt 0:03:11]} 10. Nge2 {[%emt 0:02:34]} Rb8 {[%emt 0:02:11]} 11. O-O {[%emt 0:00:27]} e6 {[%emt 0:04:54]} 12. Bh6 {[%emt 0:01:29]} Bh8 {[%emt 0:01:39]} 13. Bg5 {[%emt 0:14:35]} b5 $11 {[%emt 0:05:26]} 14. axb5 {[%emt 0:00:16]} axb5 {[%emt 0:00:07]} 15. Ra2 {[%emt 0:10:37]} b4 {[%emt 0:11:16]} 16. Nd1 {[%emt 0:00:33]} b3 {[%emt 0:04:01]} 17. cxb3 {[%emt 0:01:45]} Rxb3 {[%emt 0:02:50]} 18. Ndc3 {[%emt 0:00:51]} Qc7 {[%emt 0:06:24]} 19. Rfa1 {[%emt 0:02:07]} Bd7 {[%emt 0:06:48]} 20. Ra8 {[%emt 0:11:21]} Reb8 {[%emt 0:01:55]} 21. Nc1 {[%emt 0:02:51]} R3b4 {[%emt 0:01:26]} 22. R1a2 {[%emt 0:06:09]} Qb7 {[%emt 0:02:53]} 23. Rxb8+ {[%emt 0:00:22]} Qxb8 {[%emt 0:00:09]} 24. Be3 {[%emt 0:04:24]} e5 {[%emt 0:05:34]} 25. Nd1 {[%emt 0:01:23]} Nd4 {[%emt 0:02:06]} 26. Bxd4 {[%emt 0:05:28]} Rxd4 {[%emt 0:01:39]} 27. Ne2 {[%emt 0:00:59]} Rb4 {[%emt 0:00:35]} 28. Nec3 {[%emt 0:00:35]} Be6 {[%emt 0:02:43]} 29. Ra6 {[%emt 0:00:59]} Qc8 {[%emt 0:04:41]} 30. Rxd6 {[%emt 0:02:50]} Ne8 {[%emt 0:01:21]} 31. Rxe6 {[%emt 0:00:18]} Qxe6 {[%emt 0:00:56]} 32. Nd5 {[%emt 0:00:25]} Rd4 {[%emt 0:02:20]} 33. Qc3 {[%emt 0:01:12]} c4 {[%emt 0:01:38]} 34. Bf1 {[%emt 0:00:50]} Nf6 {[%emt 0:02:59]} 35. N1e3 {[%emt 0:00:17]} cxd3 {[%emt 0:02:03]} 36. Bxd3 {[%emt 0:00:34]} Nxe4 {[%emt 0:01:39]} 37. Bxe4 {[%emt 0:02:18]} Rxe4 {[%emt 0:00:07]} 38. Qa5 {[%emt 0:03:54]} Bg7 {[%emt 0:01:15]} 39. Qa8+ {[%emt 0:03:17]} Bf8 {[%emt 0:00:13]} 40. Nf6+ {[%emt 0:00:25]} Qxf6 {[%emt 0:00:08]} 41. Qxe4 {[%emt 0:15:06]} h5 {[%emt 0:19:55]} 42. Kg2 {[%emt 0:01:51]} Qd6 {[%emt 0:01:57]} 43. Qd5 {[%emt 0:02:18]} Qb8 {[%emt 0:03:31]} 44. Nc4 {[%emt 0:01:00]} Qb3 {[%emt 0:01:35]} 45. Qe4 {[%emt 0:06:40]} Qb4 {[%emt 0:00:00]} 46. Qe2 {[%emt 0:00:00]} Qb5 {[%emt 0:00:00]} 47. Kf1 {[%emt 0:00:00]} Qb7 {[%emt 0:00:00]} 48. Kg1 {[%emt 0:00:00]} Qb5 {[%emt 0:00:00]} 49. Qc2 {[%emt 0:00:00]} Bc5 {[%emt 0:00:00]} 50. b3 {[%emt 0:00:00]} Bd4 {[%emt 0:00:00]} 51. Na3 {[%emt 0:00:00]} Qb4 {[%emt 0:00:00]} 52. Nc4 {[%emt 0:00:00]} Kg7 {[%emt 0:00:00]} 53. Nd2 {[%emt 0:00:00]} f5 {[%emt 0:00:00]} 54. Nf3 {[%emt 0:00:00]} Bc3 {[%emt 0:00:00]} 55. Qd1 {[%emt 0:00:00]} Bd4 {[%emt 0:00:00]} 56. Nxd4 {[%emt 0:00:00]} exd4 {[%emt 0:00:16]} 57. Qe2 {[%emt 0:01:14]} Kf6 {[%emt 0:02:10]} 58. Qe8 {[%emt 0:01:48]} Qd6 {[%emt 0:01:14]} 59. Qh8+ {[%emt 0:01:03]} Ke6 {[%emt 0:00:11]} 60. Qg8+ {[%emt 0:02:58]} Ke5 {[%emt 0:00:12]} 61. Qe8+ {[%emt 0:00:23]} Kd5 {[%emt 0:00:52]} 62. Qa8+ {[%emt 0:00:27]} Ke5 {[%emt 0:02:05]} 63. f4+ {[%emt 0:00:29]} Ke6 {[%emt 0:00:26]} 64. Qe8+ {[%emt 0:01:44]} Kd5 {[%emt 0:00:21]} 65. Kf2 {[%emt 0:03:57]} d3 {[%emt 0:01:48]} 66. Qe5+ {[%emt 0:00:41]} Qxe5 {[%emt 0:00:06]} 67. fxe5 {[%emt 0:00:02]} Kxe5 {[%emt 0:00:02]} 68. Ke3 {[%emt 0:00:21]} g5 {[%emt 0:01:37]} 69. b4 {[%emt 0:01:16]} g4 {[%emt 0:02:35]} 70. hxg4 {[%emt 0:01:17]} hxg4 {[%emt 0:00:46]} 71. b5 {[%emt 0:00:34]} f4+ {[%emt 0:00:41]} 72. gxf4+ {[%emt 0:00:08]} Kf5 {[%emt 0:00:12]} 73. Kxd3 {[%emt 0:02:18]} Kxf4 {[%emt 0:00:48]} 74. b6 {[%emt 0:00:11]} g3 {[%emt 0:00:07]} 75. b7 {[%emt 0:00:05]} g2 {[%emt 0:00:06]} 76. b8=Q+ {[%emt 0:00:06]} Kf3 {[%emt 0:00:07]} 77. Qf8+ {[%emt 0:00:16]} Kg3 {[%emt 0:00:07]} 78. Qg7+ {[%emt 0:00:30]} Kf2 {[%emt 0:00:15]} 79. Qf6+ {[%emt 0:00:17]} Kg3 {[%emt 0:00:44]} 80. Qg5+ {[%emt 0:00:09]} 1-0